Игорь Всеволодович Крестовский (Запись № 9772943)

Подробности
000 -МАРКЕР
контрольное поле 01855nam0a22003491 4500
001 - ИДЕНТИФИКАТОР ЗАПИСИ
контрольное поле rc\3657274
005 - ИДЕНТИФИКАТОР ВЕРСИИ
контрольное поле 20260406230059.0
010 ## - МЕЖДУНАРОДНЫЙ СТАНДАРТНЫЙ НОМЕР КНИГИ (ISBN)
Цена 28 к.
Тираж 1000
021 ## - НОМЕР ГОСУДАРСТВЕННОЙ РЕГИСТРАЦИИ
Код страны Российская Федерация
Номер [72-77505]
035 ## - ДРУГИЕ СИСТЕМНЫЕ НОМЕРА
Идентификатор записи (NLR Aleph) 007836126
100 ## - ДАННЫЕ ОБЩЕЙ ОБРАБОТКИ
Данные общей обработки 20130115d1972 |||y0rusy50 ca
101 0# - ЯЗЫК РЕСУРСА
Язык текста, звукозаписи и т.д. русский
102 ## - СТРАНА ПУБЛИКАЦИИ ИЛИ ПРОИЗВОДСТВА
Страна публикации Российская Федерация
105 ## - ПОЛЕ КОДИРОВАННЫХ ДАННЫХ: ТЕКСТОВЫЕ МАТЕРИАЛЫ, МОНОГРАФИЧЕСКИЕ
Кодированные данные о монографическом текстовом документе ac b 1||||
200 1# - ЗАГЛАВИЕ И СВЕДЕНИЯ ОБ ОТВЕТСТВЕННОСТИ
Основное заглавие Игорь Всеволодович Крестовский
Сведения, относящиеся к заглавию каталог выставки
Первые сведения об ответственности [авт. вступит. статьи В.В. Калинин]
Последующие сведения об ответственности [Науч.-исслед. музей Акад. художеств СССР. Ленингр. организация Союза художников РСФСР]
210 ## - ПУБЛИКАЦИЯ, РАСПРОСТРАНЕНИЕ И ДР.
Место издания, распространения и т.д. Ленинград
Имя издателя, распространителя и т. д. Художник РСФСР
Дата издания, распространения и т.д. 1972
215 ## - ФИЗИЧЕСКАЯ ХАРАКТЕРИСТИКА
Специфическое обозначение материала и объем 43 с., 9 л. ил.
Другие сведения о физической характеристике портр.
Размеры 22
540 1# - ДОПОЛНИТЕЛЬНОЕ ЗАГЛАВИЕ, ПРИМЕНЯЕМОЕ КАТАЛОГИЗАТОРОМ
Заглавие Крестовский Игорь Всеволодович
600 01 - ИМЯ ЛИЦА КАК ПРЕДМЕТ
Начальный элемент ввода Крестовский
Часть имени, кроме начального элемента ввода И.В.
Даты 1893
Расширение инициалов личного имени Игорь Всеволодович
Формальный подзаголовок Каталоги
Тематический подзаголовок Выставки
Географический подзаголовок Ленинград, город
Хронологический подзаголовок 1972
Системный номер авторитетной/нормативной записи 1388117
Идентификатор авторитетной/нормативной записи RU\NLR\AUTH\66583251
606 ## - НАИМЕНОВАНИЕ ТЕМЫ КАК ПРЕДМЕТ
Наименование темы Русская советская скульптура
Тематический подзаголовок Выставки
Хронологический подзаголовок 1972
Географический подзаголовок Ленинград
Код системы psbo
686 0# - ИНДЕКСЫ ДРУГИХ КЛАССИФИКАЦИЙ
Индекс Щ313(2Р=Рус)5-8Крестовский
Код системы
702 #1 - ИМЯ ЛИЦА - ВТОРИЧНАЯ ОТВЕТСТВЕННОСТЬ
Начальный элемент ввода Калинин
Часть имени, кроме начального элемента ввода В. В.
Даты 1939-
Расширение инициалов личного имени Вячеслав Васильевич
Код отношения Автор введения, предисловия, примечания и т.п.
702 #1 - ИМЯ ЛИЦА - ВТОРИЧНАЯ ОТВЕТСТВЕННОСТЬ
Код отношения Прочие
Графика поля Кириллица
Материалы, к которым относится поле rus
Начальный элемент ввода Крестовский
Часть имени, кроме начального элемента ввода И. В.
Даты 1893-1976
Расширение инициалов личного имени Игорь Всеволодович
Системный номер авторитетной/нормативной записи 175635
Идентификатор авторитетной/нормативной записи RU\NLR\AUTH\770175686
710 10 - НАИМЕНОВАНИЕ ОРГАНИЗАЦИИ - ПЕРВИЧНАЯ ОТВЕТСТВЕННОСТЬ
Начальный элемент ввода Крестовский,
Инверсированный элемент Игорь Всеволодович
Часть наименования, отличная от начального элемента ввода и от инверсированного элемента Выставка произведений
Дата проведения временной организации 1972
Место проведения временной организации Ленинград
Идентификатор авторитетной/нормативной записи RU\NLR\AUTH\889982153
Системный номер авторитетной/нормативной записи 460277
801 #0 - ИСТОЧНИК ЗАПИСИ
Страна Российская Федерация
Организация NLR
Правила каталогизации psbo
801 #1 - ИСТОЧНИК ЗАПИСИ
Страна Российская Федерация
Организация ELAR
Источник данных rusmarc
801 #2 - ИСТОЧНИК ЗАПИСИ
Страна Российская Федерация
Организация NLR
Дата составления 20141205
Источник данных rusmarc
852 ## - МЕСТОНАХОЖДЕНИЕ И ШИФР ХРАНЕНИЯ
Идентификатор организации NLR
Наименование фонда или коллекции (Sub-Location Identifier) Э
Шифр хранения (Call Number) КП/К802
942 ## - ДОПОЛНИТЕЛЬНЫЕ ЭЛЕМЕНТЫ ЗАПИСИ (АБИС)
Тип экземпляра АБИС Книга
980 ## - КОЛЛЕКЦИЯ
Название коллекции Национальная библиография
Экземпляры
Тип экземпляра Дата поступления Библиотека постоянного хранения Библиотека текущего хранения Место хранения Шифр хранения Штрих-код Статус экземпляра
Книга 26.10.2013 РНБ (Садовая) РНБ (Садовая) Фонд эстампов и фотографий (изоизданий) Э КП/К802 7836126-10